| 000 | 00990nam a22003257a 4500 | ||
|---|---|---|---|
| 001 | BR2014007854 | ||
| 003 | BR-BrBNA | ||
| 005 | 20230928104557.0 | ||
| 007 | ta | ||
| 008 | 230509b bl.||||| |||| 00| 0 por d | ||
| 040 |
_aBR-BrBNA _bpor _cBiblioteca Nacional de Agricultura |
||
| 041 | _a(Por) | ||
| 072 |
_aK10 _b3200 |
||
| 090 | _ 3200 BR2014007854 | ||
| 100 | 1 | _aPáscoa, K.J.V. da | |
| 110 | 1 |
_aUniversidade Federal de Lavras, MG (Brasil) _0Tese (Mestrado) |
|
| 245 | 1 | _aModelagem e análise do crescimento de Eremanthus Erythropappus (DC.)Macleish em povoamento plantado | |
| 260 | 3 |
_aLavras, MG (Brasil): _c2014. |
|
| 300 | _a87 p. | ||
| 500 | _aSummaries (Eng, Por); Bibliography p. 81-87; 18 illus.; 21 tables | ||
| 650 | _aARVORE ANGIOSPERMA | ||
| 650 | _aMANEJO | ||
| 650 | _aPOVOAMENTO FLORESTAL | ||
| 650 | _aANALISE | ||
| 650 | _aPLANTIO | ||
| 650 | _aESPACAMENTO | ||
| 650 | _aPRATICA CULTURAL | ||
| 909 |
_a202309 _bLucia _c55 _dLucia Elande |
||
| 942 | _cBK | ||
| 999 |
_c80660 _d80660 |
||